Movie Soundtracks - Statistics

General Stats
  • This quiz has been taken 3 times
  • The average score is 3 of 12
Answer Stats
Hint Answer % Correct
Once Upon a Time in the West- The man with the harmonica Ennio Morricone
67%
Deadpool- Angel of the Morning Juice Newton
67%
2001: A space Odyssey- Thus spoke Zarathustra Richard Strauss
67%
Fight Club- Where is my mind The pixies
67%
Magnolia- One Aimee Mann
33%
Dazed and confused- Free Ride Edgar Winter
33%
Mission Impossible- Mission Impossible Adam Clayton
0%
Godzilla 1954- Godzilla main title Akira Ifukube
0%
Conan the Barbarian- Anvil of Crom/Riders of Doom Basil Poledouris
0%
The Color of Money- Who owns this place Don Henley
0%
Last of the Mohicans- Promontory Trevor Jones
0%
The Shining- Main title Wendy Carlos
0%
No matching quizzes found
Score Distribution
Percent of People with Each Score
Percentile by Number Answered
Your Score History
You have not taken this quiz